Chaos : from simple models to complex systems /

Guardado en:
Autor Principal: Cencini, Massimo.
Otros Autores: Cecconi, Fabio., Vulpiani, A.
Formato: Libro
Idioma:English
Publicado: Hackensack, NJ : World Scientific, c2010.
Series:Series on advances in statistical mechanics ; v. 17.
Materias:
Etiquetas: Agregar Etiqueta
Sin Etiquetas, Sea el primero en etiquetar este registro!
LEADER 01056cam a22002897a 4500
001 MAT.inmabb006867
008 100810s2010####njua#####b####001#0#eng#d
005 20150623192107.0
245 1 0 |a Chaos :  |b from simple models to complex systems /  |c Massimo Cencini, Fabio Cecconi, Angelo Vulpiani. 
260 |a Hackensack, NJ :  |b World Scientific,  |c c2010. 
300 |a xx, 460 p. :  |b il. ;  |c 26 cm. 
490 1 |a Series on advances in statistical mechanics ;  |v v. 17 
504 |a Incluye referencias bibliográficas (p. 427-454) e índice. 
510 4 |a MR,  |c 2011e:82002 
020 |a 9789814277655 
020 |a 9814277657 
100 1 |a Cencini, Massimo. 
700 1 |a Cecconi, Fabio. 
700 1 |a Vulpiani, A. 
830 0 |a Series on advances in statistical mechanics ;  |v v. 17. 
650 0 |a Chaotic behavior in systems. 
650 0 |a Dynamics. 
084 |a 82-02 (37D45 82-01 82B03 82C03)  |2 msc2010 
010 |a  2010487062 
016 7 |a 015521081  |2 Uk 
040 |a BTCTA  |c BTCTA  |d YDXCP  |d BWX  |d NBU  |d OCLCQ  |d UKM  |d DLC 
859 |h 82  |i C395  |p A-8890  |b BIB. MATEMATICA